000 04209nam0a2200481 i 4500
001 RU\NLR\BIBL_A\010903205
005 20260409075528.0
010 _a9785905430404
_9200
021 _aRU
_b2015-84055
_95135
035 _a(NILC)RuMoRGB-008055528
035 _a(NLR Aleph) 010903205
090 _a10601656
_c10601656
100 _a20151118d2015 km y0rusy50 ca
101 0 _arus
102 _aRU
105 _ay|||z|||100yy
200 1 _aОбразование личности: стандарты и ценности
_eсборник научно-методических материалов [международных научно-практических конференций "Теория и практика поликультурного воспитания в образовательной среде", "Актуальные вопросы социализации личности в современных условиях", проходивших в рамках III международного конгресса
_fсост. и науч. ред.: Н. Ю. Синягина, Е. Г. Артамонова]
210 _aМосква
_cАНО "ЦНПРО"
_d2015
215 _a313, [6] с.
_d22
300 _aВ надзаг.: М-во образования и науки Российской Федерации, Федеральное гос. бюджетное науч. учреждение "Центр исслед. проблем воспитания, формирования здорового образа жизни, профилактики наркомании, соц.-пед. поддержки детей и молодежи", Нац. исслед. ядерный ун-т "МИФИ", Межрегион. обществ. орг. содействия воспитанию "Содружество организаторов воспитат. процесса"
320 _aБиблиогр. в конце ст.
606 _aМультикультурное образование
_jСъезды, совещания и т.п
_3RU\NLR\AUTH\661470432
_92476460
606 1 _aУчащиеся
_jСъезды, совещания и т.п
_xВоспитание культуры межнациональных отношений
_92142036
_3RU\NLR\AUTH\661595483
606 _aПедагогическая психология
_jСъезды, совещания и т.п
_91006945
_3RU\NLR\AUTH\6665004
610 0 _aполикультурное воспитание
610 0 _aсоциализация личности
675 _a371
686 1 _aЧ34(0)я431
686 1 _aЧ313.521.3я431
686 1 _aЮ940я431
686 1 _aЮ984.0я431
702 1 _aСинягина
_bН. Ю.
_gНаталья Юрьевна
_4220
711 1 2 _a"Образование личности: стандарты и ценности", международный конгресс
_d3
_eМосква
_f2015
_9493783
_3RU\NLR\AUTH\880414295
711 1 2 _a"Теория и практика поликультурного воспитания в образовательной среде", международная научно-практическая конференция
_eМосква
_f2015
_9493787
_3RU\NLR\AUTH\880414297
711 1 2 _a"Актуальные вопросы социализации личности в современных условиях", международная научно-практическая конференция
712 0 2 _4570
_aЦентр исследования проблем воспитания, формирования здорового образа жизни, профилактики наркомании, социально-педагогической поддержки детей и молодежи
_cМосква
_3RU\NLR\AUTH\8810124835
_9747212
801 0 _aRU
_bРГБ
_c20151028
_gRCR
801 2 _aRU
_bРГБ
_c20151103
_grcr
801 1 _aRU
_bРГБ
_c20151028
_2rusmarc
942 _cBOOK
980 _aNBR